000 00845nam a22002417a 4500
003 OSt
005 20201028093239.0
008 201028s2017 ck a|||gr|||| 00| 0 spa d
020 _a9789584820815
040 _aCO-JMCR
_cCO-JMCR
041 0 _aspa
082 0 4 _a P /
_bHERn
_223
100 1 _aHerrera Caipa, Diego,
_eautor
_912076
245 1 0 _aNavegué en tu cuerpo /
_cDiego Herrera Caipa ; editor, Alexander Cossio Gil
260 _aMedellín (Colombia) :
_bD. Herrera Caipa,
_c2017.
300 _a[130] páginas :
_bilustraciones a color ;
_c22 cm.
500 _aDatos biográficos del autor.
650 _aPoesía colombiana
_ySiglo XXI
_912077
650 _aAmor en la poesía
_ySiglo XXI
_912078
650 _aRomanticismo en la poesía
_ySiglo XXI
_912079
700 1 _aCossio Gil, Diego,
_eprologuista
_912080
942 _2ddc
_cBK
999 _c6987
_d6987